| 000 -LEADER |
| fixed length control field |
03624cam a22004214a 4500 |
| 001 - CONTROL NUMBER |
| control field |
15520109 |
| 003 - CONTROL NUMBER IDENTIFIER |
| control field |
OSt |
| 005 - DATE AND TIME OF LATEST TRANSACTION |
| control field |
20170105102842.0 |
| 008 - FIXED-LENGTH DATA ELEMENTS--GENERAL INFORMATION |
| fixed length control field |
081113s2009 enka b 001 0 eng |
| 010 ## - LIBRARY OF CONGRESS CONTROL NUMBER |
| LC control number |
2008049653 |
| 015 ## - NATIONAL BIBLIOGRAPHY NUMBER |
| National bibliography number |
GBA953419 |
| Source |
bnb |
| 016 7# - NATIONAL BIBLIOGRAPHIC AGENCY CONTROL NUMBER |
| Record control number |
014939049 |
| Source |
Uk |
| 020 ## - INTERNATIONAL STANDARD BOOK NUMBER |
| International Standard Book Number |
9780195383614 (hbk. : alk. paper) |
| 020 ## - INTERNATIONAL STANDARD BOOK NUMBER |
| International Standard Book Number |
0195383613 (hbk. : alk. paper) |
| 035 ## - SYSTEM CONTROL NUMBER |
| System control number |
(OCoLC)ocn262430700 |
| 040 ## - CATALOGING SOURCE |
| Original cataloging agency |
DLC |
| Transcribing agency |
DLC |
| Modifying agency |
BTCTA |
| -- |
YDXCP |
| -- |
C#P |
| -- |
BWX |
| -- |
UKM |
| -- |
DLC |
| 043 ## - GEOGRAPHIC AREA CODE |
| Geographic area code |
d------ |
| 050 00 - LIBRARY OF CONGRESS CALL NUMBER |
| Classification number |
K4610 |
| Item number |
.D48 2009 |
| 082 00 - DEWEY DECIMAL CLASSIFICATION NUMBER |
| Classification number |
343.087 |
| Edition number |
22 |
| 245 00 - TITLE STATEMENT |
| Title |
Developing countries in the WTO legal system / |
| Statement of responsibility, etc. |
edited by Chantal Thomas and Joel P. Trachtman. |
| 260 ## - PUBLICATION, DISTRIBUTION, ETC. |
| Place of publication, distribution, etc. |
Oxford ; |
| -- |
New York : |
| Name of publisher, distributor, etc. |
Oxford University Press, |
| Date of publication, distribution, etc. |
c2009. |
| 300 ## - PHYSICAL DESCRIPTION |
| Extent |
x, 523 p. : |
| Other physical details |
ill. ; |
| Dimensions |
25 cm. |
| 504 ## - BIBLIOGRAPHY, ETC. NOTE |
| Bibliography, etc. note |
Includes bibliographical references and index. |
| 505 0# - FORMATTED CONTENTS NOTE |
| Formatted contents note |
Editors' introduction / Chantal Thomas and Joel P. Trachtman -- Developing countries and the GATT/WTO system : some reflections on the idea of free trade and Doha round trade negotiations / B.S. Chimni -- Dysfunction, diversion, and the debate over preferences : (how) do preferential trade policies work? / Jeffrey L. Dunoff -- Trade and development : systemic lessons from WTO experience with implementation, trade facilitation, and Aid for Trade / J. Michael Finger -- Asymmetry in the Uruguay round and in the Doha round / Sylvia Ostry -- Developing countries, the Doha round, preferences, and the right to regulate / Joel P. Trachtman -- Robert Hudec and the theory of international economic law : the law of global space / David M. Trubek and M. Patrick Cottrell -- Winners and losers in the panel stage of the WTO dispute settlement system / Bernard Hoekman, Henrik Horn and Petros C. Mavroidis -- Access to justice in the WTO : a case for a small-claims procedure? / Håkan Nordström and Gregory Shaffer -- With a little help from our friends? Developing country complaints and third-party participation / Marc L. Busch and Eric Reinhardt -- MFN and the third-party economic interests of developing countries in GATT/WTO dispute settlement / Chad P. Bown. |
| 505 0# - FORMATTED CONTENTS NOTE |
| Formatted contents note |
Economic development and the World Trade Organization : proposal for the agreement on development facilitation and the Council for Trade and Development in the WTO / Yong-Shik Lee -- Special and differential treatment in agricultural trade : breaking the impasse / Tracey D. Epps and Michael J. Trebilcock -- TRIPS 3.0 : policy calibration and innovation displacement / Daniel J. Gervais -- Trade and competition policy in the developing world : is there a role for the WTO? / Daniel J. Gifford and Robert T. Kudrle -- The GATS and developing countries : why such limited traction? / Bernard Hoekman -- Development by moving people : unearthing the development potential of a GATS visa / Sungjoon Cho -- Justice, the Bretton Woods Institutions, and the problems of inequality / Frank J. Garcia. |
| 610 20 - SUBJECT ADDED ENTRY--CORPORATE NAME |
| Corporate name or jurisdiction name as entry element |
World Trade Organization |
| Geographic subdivision |
Developing countries. |
| 610 20 - SUBJECT ADDED ENTRY--CORPORATE NAME |
| Corporate name or jurisdiction name as entry element |
General Agreement on Tariffs and Trade (Organization) |
| 650 #0 - SUBJECT ADDED ENTRY--TOPICAL TERM |
| Topical term or geographic name entry element |
Foreign trade regulation |
| Geographic subdivision |
Developing countries. |
| 650 #0 - SUBJECT ADDED ENTRY--TOPICAL TERM |
| Topical term or geographic name entry element |
Free trade |
| Geographic subdivision |
Developing countries. |
| 650 #0 - SUBJECT ADDED ENTRY--TOPICAL TERM |
| Topical term or geographic name entry element |
Tariff |
| General subdivision |
Law and legislation |
| Geographic subdivision |
Developing countries. |
| 650 #0 - SUBJECT ADDED ENTRY--TOPICAL TERM |
| Topical term or geographic name entry element |
International trade. |
| 651 #0 - SUBJECT ADDED ENTRY--GEOGRAPHIC NAME |
| Geographic name |
Developing countries |
| General subdivision |
Commercial policy. |
| 700 1# - ADDED ENTRY--PERSONAL NAME |
| Personal name |
Thomas, Chantal, |
| Dates associated with a name |
1971- |
| 700 1# - ADDED ENTRY--PERSONAL NAME |
| Personal name |
Trachtman, Joel P. |
| 906 ## - LOCAL DATA ELEMENT F, LDF (RLIN) |
| a |
7 |
| b |
cbc |
| c |
orignew |
| d |
1 |
| e |
ecip |
| f |
20 |
| g |
y-gencatlg |
| 942 ## - ADDED ENTRY ELEMENTS (KOHA) |
| Source of classification or shelving scheme |
|
| Koha item type |
Book |